03084nam a2200349 i 4500001000700000003000900007005001700016008004100033015001000074017004800084020001800132035002100150035002300171040002900194080004500223080005200268100004500320245020300365264010000568300007000668336002200738337003000760338002400790490004200814500004900856520148100905650006402386650007602450655001702526830004202543852014902585196196ES-MaACL20250823062245.0240818s2021 sp a | |||| 000 0 spa  aMON21 aCU 92-2021bOficina Depósito Legal Cuenca a9788409321124 a(SpMaBN)a6941631 a991036770659708606 aSpMaBNbspacSpMaBNerda a(038)=134.2'282(460.283 Mota del Cuervo) a(038)=811.134.2'373.72(460.283 Mota del Cuervo)1 aGonzález Mujeriego, José Manueleaut10aDiccionario moteño cervantino / cJosé Manuel González Mujeriego ; corrección de José A. Tinajero Moreno ; maquetación de José A. Tinajero Moreno, Juan Manuel Ruiz de Valbuena Quejigo. 1aMota del Cuervo (Cuenca) :bAsociación de Amigos por la Historia de Mota del Cuervo,c[2021]. a272 páginas :bilustraciones (blanco y negro y color) ;c21 cm. aTexto2rdacontent asin mediación2rdamedia avolumen2rdacarrier1 aCrónicas de Mota del Cuervo ;vCH 8 aEn la portada: Crónicas de Mota del Cuervo aEl autor recoge en este Diccionario Moteño Cervantino una serie de vocablos, la mayoría ya en desuso, pero que aún se utilizan en esa zona de la Mancha, especialmente en Mota del Cuervo, y sus pueblos circunvecinos; donde, en otro tiempo, estaba situado “El Común de la Mancha” o la Mancha santiaguista. Lo peculiar de este diccionario es que, además de reflejar el habla de esta zona, contiene muchas de las palabras que conservan el mismo significado que Cervantes empleó en su obra magna. Algunas de ellas, ya ni siquiera están contempladas en el Diccionario de la Real Academia de la Lengua. Esta peculiaridad sirvió para afianzar –aún más- mis tesis, recogidas en mi libro “Lo que Cervantes calló” (Cultivalibros 2014), sobre las numerosas razones por las que Cervantes se estaba refiriendo a Mota del Cuervo, en el Quijote y en el Persiles (su obra póstuma) cuando alude –reiteradamente- a ese lugar de la Mancha de cuyo nombre no quería acordarse. Un recorrido ameno sobre el pasado de esta zona, con detalladas explicaciones y muchas fotos y grabados de escenas cervantinas relacionadas con los vocablos que aún se utilizan. Un diccionario que refleja las costumbres de la Mancha, sus herramientas, su gastronomía -con las recetas de cocina a las que alude Cervantes en su obra-, los antiguos oficios, los parajes más destacados y su historia, y muchas de las situaciones paralelas contempladas en la obra de Cervantes. 0aLengua española- zMota del Cuervo- vDiccionarios2embne 0aLengua española- xModismos- zMota del Cuervo- vDiccionarios2embne 0aDiccionarios aCrónicas de Mota del Cuervo ;vCH 8 aES-MaACLbR.153217cDEPOJjN-9271gDedicatoria autógrafa del autorhDonación: José Manuel González MujeriegoxEncuadernación rústica